Organizing experiences in the 37th National Student Research Conference (OTDK) Arts and Art theory section

Elmentve itt :
Bibliográfiai részletek
Szerző: Asztalos Bence
Testületi szerző: Nemzetközi Zenei Konferencia (26.), Zenei évfordulók, új zenepedagógiai kutatások
Dokumentumtípus: Könyv része
Megjelent: Juhász Gyula Felsőoktatási Kiadó Szeged 2026
Sorozat:Nemzetközi Zenei Konferencia 26
Kulcsszavak:Tudományos diákkör, Művészetelmélet - konferencia - szervezés
Tárgyszavak:
Online Access:http://acta.bibl.u-szeged.hu/89906
LEADER 01044naa a2200217 i 4500
001 acta89906
005 20260312083231.0
008 260312s2026 hu o 100 eng d
020 |a 978-963-648-081-3 
040 |a SZTE Egyetemi Kiadványok Repozitórium  |b hun 
041 |a eng 
100 1 |a Asztalos Bence 
245 1 0 |a Organizing experiences in the 37th National Student Research Conference (OTDK) Arts and Art theory section  |h [elektronikus dokumentum] /  |c  Asztalos Bence 
260 |a Juhász Gyula Felsőoktatási Kiadó  |b Szeged  |c 2026 
300 |a 33-37 
490 0 |a Nemzetközi Zenei Konferencia  |v 26 
650 4 |a Bölcsészettudományok 
650 4 |a Művészetek (művészetek, művészettörténet, előadóművészetek, zene) 
695 |a Tudományos diákkör, Művészetelmélet - konferencia - szervezés 
711 |a Nemzetközi Zenei Konferencia (26.), Zenei évfordulók, új zenepedagógiai kutatások  |c Szeged  |d 2025. október 6-7. 
856 4 0 |u http://acta.bibl.u-szeged.hu/89906/1/nemzetkozi_zenei_026_033-037.pdf  |z Dokumentum-elérés